=LDR 00000nam 2200000 4500 =001 INLIS000000000809802 =008 ###################################ind## =035 ##$$a 0010-0825000295 =245 ##$$a Bayang-Bayang Dalam Genggam / $c suhari =260 ##$$b Sic =020 ##$$a 9789799407986 =084 ##$$a 745.5 RI b =520 ##$$a Teknik, prosedur, alat-alat dan perlengkapan, bahan-bahan =082 ##$$a 745.5